000 00574nam a22001937a 4500
005 20251108163352.0
008 250721s1994 xx 000 0 ara d
082 1 4 _a001.64/محم
100 1 _aسويلم، محمد نبهان
245 1 0 _aنظم تشغيل الحاسبات /
250 _aط2.
264 1 _aالقاهرة :
_bدار غريب،
_c1994.
300 _a526ص.
490 0 _aسلسلة غريب للحاسبات ونظم المعلومات ؛1
650 1 7 _aالحواسيب
650 1 7 _aبرامج الحاسوب
942 _2ddc
_cBK
999 _c918
_d918